000 02792nab a2200277 a 4500
005 20240203063616.0
008 991125s1985 mx 000 0 spa u
035 _aUPN01000235747
040 _aMX-MxUPN
_bspa
_cMX-MxUPN
_eaacr2
049 _aART-E
100 1 _aFalquet, Jules
_6- Jules.faquet@univ-paris-diderot.fr
_939313
245 1 0 _aAbriendo brechas en la heterocirculación de las mujeres, entre racismo y lesbonacionalismo: algunas experiencias lésbico-feministas en Francia
_h[recurso electrónico en línea]
506 0 _aAcceso abierto
520 3 _aEste artículo propone visibilizar y volver a leer al cabo de casi veinte años, algunas experiencias de lesbianas feministas racializadas y blancas, a partir del final de los años 90, frente al racismo del movimiento lésbico, y luego frente al endurecimiento nacionalista de las políticas migratorias francesas, apoyándose en el concepto de homonacionalismo que aparece en 2007 bajo la pluma de Puar. Parte de la experiencia personal de la autora, que se dedicó como activista a la vez que como académica, al tema del género y del lesbianismo en migración, y fue parte de varias iniciativas pioneras en el campo, sobre las cuales propone una mirada reflexiva apoyada en un análisis retrospectivo de la coyuntura política nacional. En una reflexión epistemológica que valora la importancia del punto de vista situado, y subraya también el papel central de algunas lesbianas racializadas y proletarizadas, tanto en las luchas como en los análisis.El articulo distingue un primer periodo, entre 1999 y 2004, en que predomina la denuncia del racismo dentro del propio movimiento lésbico, por un grupo de lesbianas racializadas que defiende firmemente, por primera vez, la organización autónoma, es decir no-mixidad de raza. Entre 2005 y 2010, se da un giro hacia luchas contra el heterosexismo de las políticas migratorias, que se hacen cada vez más restrictivas, y se empieza a visibilizar la migración de las lesbianas, a través de iniciativas más bien mixtas y, en parte, universitarias. Finalmente, la autora vuelve sobre el concepto de homonacionalismo, y propone para describir la situación actual y el accionar de los nuevos grupos, los conceptos de heterocirculación de las mujeres y de lesbonacionalismo
650 4 _aFeminismo
_98967
653 0 _aLesbianismo
653 0 _aMigración
653 0 _aAsilo político
653 0 5 _aFrancia
773 _gVol. 10, no. 1 (2019), p. 61-78
_tInvestigaciones feministas
_x2171-6080
856 4 _uhttps://revistas.ucm.es/index.php/INFE/article/view/61906/4564456551430
856 4 _uhttp://dx.doi.org/10.5209/INFE.61906
_zConsultar articulo completo
902 _aGloriaJiménez
_bGloriaJiménez/260922
905 _aArticulo
942 _cART-E
999 _c207842
_d207842